Mediterranean Coast - Statistics

General Stats
  • This quiz has been taken 83 times
    74 since last reset
  • The average score is 16 of 23
Answer Stats
Answer % Correct
Spain
100%
Albania
69%
Algeria
69%
Bosnia and Herzegovina
69%
Egypt
69%
France
69%
Greece
69%
Israel
69%
Italy
69%
Lebanon
69%
Libya
69%
Monaco
69%
Montenegro
69%
Morocco
69%
Tunisia
69%
Turkey
69%
United Kingdom
69%
Slovenia
67%
Syria
67%
Croatia
66%
Croatia
66%
France
66%
Spain
64%
No matching quizzes found
Score Distribution
Percent of People with Each Score
Percentile by Number Answered
Your Score History
You have not taken this quiz since the last reset